[Event "DSJ Weihnachtsturnier U16: Steinitz 2020"]
[Site ""]
[Date "2020.12.28"]
[Round "7"]
[White "Nguyen, Phuc Nhat"]
[Black "von Rosen, Jakob"]
[Result "0-1"]
[Termination "normal"]
[Board "5.2"]
[WhiteElo "1639"]
[BlackElo "1722"]
[WhiteTeam "TSG Oberschöneweide"]
[BlackTeam "SchVgg Blankenese von 1923"]
[PlyCount "194"]
[WhiteFideId "16253590"]
[BlackFideId "12982989"]
[EventRounds "7"]
[EventType "team-swiss"]
[EventDate "2020.12.28"]

1. e4 {[%emt 0:00:09] Blanken1-002 reconnected.} c5 {[%emt 0:00:28]} 2. Nf3 {
[%emt 0:00:02]} d6 {[%emt 0:00:02]} 3. Bb5+ {[%emt 0:00:05]} Bd7 {[%emt
0:00:03]} 4. Qe2 {[%emt 0:00:05]} Nc6 {[%emt 0:00:09]} 5. c3 {[%emt 0:00:13]}
Nf6 { [%emt 0:00:04]} 6. O-O {[%emt 0:00:02]} g6 {[%emt 0:00:06]} 7. d3 {[%emt
0:00:09]} Bg7 {[%emt 0:00:08]} 8. Be3 {[%emt 0:00:18]} O-O {[%emt 0:00:06]} 9.
h3 { [%emt 0:00:01]} Qb6 {[%emt 0:00:15]} 10. a4 {[%emt 0:00:14]} a6 {[%emt
0:00:03] } 11. Bc4 {[%emt 0:00:03]} e6 {[%emt 0:00:17]} 12. b4 {[%emt 0:00:19]}
Qa7 { [%emt 0:00:50]} 13. Nbd2 {[%emt 0:00:09]} b6 {[%emt 0:00:02]} 14. Rfb1 {
[%emt 0:01:04]} d5 {[%emt 0:00:05]} 15. exd5 {[%emt 0:00:09]} exd5 {[%emt
0:00:00]} 16. Ba2 {[%emt 0:00:18]} Rfe8 {[%emt 0:00:01]} 17. b5 {[%emt
0:00:33]} axb5 {[%emt 0:00:28]} 18. axb5 {[%emt 0:00:08]} Na5 {[%emt 0:00:10]}
19. Qd1 { [%emt 0:00:09]} Bf5 {[%emt 0:00:26]} 20. Qc2 {[%emt 0:00:15]} c4
{[%emt 0:00:25]} 21. Bxc4 {[%emt 0:00:33]} dxc4 {[%emt 0:00:09]} 22. Nxc4
{[%emt 0:00:02]} Nd5 {[%emt 0:00:31]} 23. Bxb6 {[%emt 0:01:15]} Nxb6 {[%emt
0:00:15]} 24. Rxa5 { [%emt 0:00:15]} Qc7 {[%emt 0:00:11]} 25. Rxa8 {[%emt
0:00:03]} Rxa8 {[%emt 0:00:00]} 26. Nxb6 {[%emt 0:00:13]} Qxb6 {[%emt 0:00:00]}
27. c4 {[%emt 0:00:30]} Rd8 {[%emt 0:00:03]} 28. Rb3 {[%emt 0:00:22]} Qd6
{[%emt 0:00:19]} 29. Ne1 { [%emt 0:00:38]} Bd4 {[%emt 0:00:06]} 30. Nf3 {[%emt
0:00:12]} Bc5 {[%emt 0:00:03]} 31. Ne1 {[%emt 0:00:08]} Qb6 {[%emt 0:00:05]}
32. Kf1 {[%emt 0:00:04]} Re8 {[%emt 0:00:20]} 33. Qd2 {[%emt 0:00:21]} Qf6
{[%emt 0:00:30]} 34. Rb2 { [%emt 0:00:29]} Qd4 {[%emt 0:00:18]} 35. Nf3 {[%emt
0:00:11]} Qxd3+ {[%emt 0:00:03]} 36. Qxd3 {[%emt 0:00:06]} Bxd3+ {[%emt
0:00:00]} 37. Kg1 {[%emt 0:00:03]} Bxc4 {[%emt 0:00:03]} 38. b6 {[%emt
0:00:03]} Bd5 {[%emt 0:00:23]} 39. b7 {[%emt 0:00:33]} Rb8 {[%emt 0:00:05]} 40.
Rb5 {[%emt 0:00:14]} Rxb7 {[%emt 0:00:21]} 41. Rxc5 {[%emt 0:00:07]} Bxf3
{[%emt 0:00:01]} 42. gxf3 {[%emt 0:00:02]} Kg7 {[%emt 0:00:03]} 43. Kg2 {[%emt
0:00:03]} h5 {[%emt 0:00:05]} 44. Kg3 {[%emt 0:00:03]} Rb3 {[%emt 0:00:02]} 45.
Rc4 {[%emt 0:00:02]} Kh6 {[%emt 0:00:03]} 46. h4 {[%emt 0:00:01]} Rb6 {[%emt
0:00:08]} 47. Rc7 {[%emt 0:00:02]} f6 { [%emt 0:00:02]} 48. Rc5 {[%emt
0:00:09]} g5 {[%emt 0:00:02]} 49. hxg5+ { [%emt 0:00:02]} fxg5 {[%emt 0:00:00]}
50. Kg2 {[%emt 0:00:20]} h4 {[%emt 0:00:04]} 51. Rc4 {[%emt 0:00:02]} Kh5
{[%emt 0:00:02]} 52. Rg4 {[%emt 0:00:02]} Rb1 {[%emt 0:00:04]} 53. Rc4 {[%emt
0:00:01]} Rb3 {[%emt 0:00:07]} 54. Rc5 { [%emt 0:00:04]} Rb4 {[%emt 0:00:05]}
55. Kh3 {[%emt 0:00:02]} Rf4 {[%emt 0:00:03]} 56. Kg2 {[%emt 0:00:02]} Kg6
{[%emt 0:00:05]} 57. Rc6+ {[%emt 0:00:01]} Kf5 {[%emt 0:00:05]} 58. Rc5+ {[%emt
0:00:01]} Kg6 {[%emt 0:00:01]} 59. Rc6+ { [%emt 0:00:01]} Kh5 {[%emt 0:00:01]}
60. Rc5 {[%emt 0:00:01]} Ra4 {[%emt 0:00:05]} 61. Rc6 {[%emt 0:00:02]} Ra5
{[%emt 0:00:06]} 62. Rc4 {[%emt 0:00:01]} Rf5 {[%emt 0:00:04]} 63. Rc3 {[%emt
0:00:07]} Kg6 {[%emt 0:00:17]} 64. Rc6+ { [%emt 0:00:01]} Kf7 {[%emt 0:00:04]}
65. Rc4 {[%emt 0:00:00]} Ke6 {[%emt 0:00:02]} 66. Rc6+ {[%emt 0:00:01]} Kd5
{[%emt 0:00:01]} 67. Rg6 {[%emt 0:00:02]} Ke5 {[%emt 0:00:02]} 68. Ra6 {[%emt
0:00:02]} Kf4 {[%emt 0:00:05]} 69. Ra4+ { [%emt 0:00:01]} Ke5 {[%emt 0:00:02]}
70. Ra5+ {[%emt 0:00:01]} Kf6 {[%emt 0:00:02]} 71. Ra6+ {[%emt 0:00:01]} Ke5
{[%emt 0:00:03]} 72. Ra5+ {[%emt 0:00:07]} Kf6 {[%emt 0:00:01]} 73. Ra6+ {[%emt
0:00:01]} Kg7 {[%emt 0:00:02]} 74. Ra7+ { [%emt 0:00:01]} Kg6 {[%emt 0:00:01]}
75. Ra6+ {[%emt 0:00:07]} Kh5 {[%emt 0:00:03]} 76. Ra4 {[%emt 0:00:01]
Obersch2-002 offers a draw} Rf4 {[%emt 0:00:11]} 77. Ra6 {[%emt 0:00:02]} Rb4
{[%emt 0:00:04]} 78. Rc6 {[%emt 0:00:02]} Rb1 { [%emt 0:00:04]} 79. Rc4 {[%emt
0:00:02]} Rb2 {[%emt 0:00:02]} 80. Rc5 {[%emt 0:00:01]} h3+ {[%emt 0:00:10]}
81. Kxh3 {[%emt 0:00:02]} Rxf2 {[%emt 0:00:01]} 82. Kg3 {[%emt 0:00:01]} Rf1
{[%emt 0:00:04]} 83. Kg2 {[%emt 0:00:01]} Ra1 { [%emt 0:00:01]} 84. Kg3 {[%emt
0:00:01]} Ra3 {[%emt 0:00:02]} 85. Kg2 {[%emt 0:00:02]} Kh4 {[%emt 0:00:01]}
86. Rc4+ {[%emt 0:00:01]} Kh5 {[%emt 0:00:03]} 87. Kg3 {[%emt 0:00:00]} Ra5
{[%emt 0:00:03]} 88. Rd4 {[%emt 0:00:02]} Rf5 { [%emt 0:00:03]} 89. Rb4 {[%emt
0:00:02]} Re5 {[%emt 0:00:04]} 90. Rb7 {[%emt 0:00:01]} Kg6 {[%emt 0:00:02]}
91. Rb6+ {[%emt 0:00:01]} Kf5 {[%emt 0:00:01]} 92. Rb4 {[%emt 0:00:02]} Re1
{[%emt 0:00:02]} 93. Kf2 {[%emt 0:00:01]} Ra1 { [%emt 0:00:02]} 94. Kg3 {[%emt
0:00:01]} Rg1+ {[%emt 0:00:04]} 95. Kf2 { [%emt 0:00:07]} Rh1 {[%emt 0:00:01]}
96. Kg2 {[%emt 0:00:02]} Rh4 {[%emt 0:00:01]} 97. Kg3 {[%emt 0:00:01]} Rxb4
{[%emt 0:00:03]} 0-1

[Event "DSJ Weihnachtsturnier U16: Steinitz 2020"]
[Site ""]
[Date "2020.12.28"]
[Round "7"]
[White "Sell, Eero"]
[Black "Nguyen, Tung Phong"]
[Result "0-1"]
[Termination "normal"]
[Board "5.3"]
[WhiteElo "1766"]
[BlackElo "1375"]
[WhiteTeam "SchVgg Blankenese von 1923"]
[BlackTeam "TSG Oberschöneweide"]
[PlyCount "40"]
[WhiteFideId "34606041"]
[BlackFideId "16228855"]
[EventRounds "7"]
[EventType "team-swiss"]
[EventDate "2020.12.28"]

1. e4 {[%emt 0:00:17]} e5 {[%emt 0:00:02]} 2. Nf3 { [%emt 0:00:02]} Nc6 {[%emt
0:00:03]} 3. d4 {[%emt 0:00:02]} exd4 {[%emt 0:00:06]} 4. Bc4 {[%emt 0:00:02]}
Nf6 {[%emt 0:00:06]} 5. e5 {[%emt 0:00:01]} d5 { [%emt 0:00:13]} 6. Bb5 {[%emt
0:00:02]} Nd7 {[%emt 0:00:05]} 7. O-O {[%emt 0:01:13]} Be7 {[%emt 0:00:08]} 8.
Nxd4 {[%emt 0:00:10]} Ncxe5 {[%emt 0:00:12]} 9. Nf5 {[%emt 0:00:34]} O-O {[%emt
0:00:09]} 10. Bxd7 {[%emt 0:00:05]} Bxd7 { [%emt 0:00:04]} 11. Nxe7+ {[%emt
0:00:03]} Qxe7 {[%emt 0:00:14]} 12. Qxd5 { [%emt 0:00:02]} Bc6 {[%emt 0:00:19]}
13. Qb3 {[%emt 0:00:31]} Rad8 {[%emt 0:00:21]} 14. Bf4 {[%emt 0:00:05]} Rfe8
{[%emt 0:00:22]} 15. Qg3 {[%emt 0:00:06]} Ng6 {[%emt 0:00:21]} 16. Bxc7 {[%emt
0:00:08]} Rd1 {[%emt 0:00:22]} 17. f3 { [%emt 0:01:25]} Rxf1+ {[%emt 0:00:35]}
18. Kxf1 {[%emt 0:00:03]} Qe2+ {[%emt 0:00:01]} 19. Kg1 {[%emt 0:00:02]} Qd1+
{[%emt 0:00:04]} 20. Kf2 {[%emt 0:00:07]} Re2# {[%emt 0:00:09]} 0-1

[Event "DSJ Weihnachtsturnier U16: Steinitz 2020"]
[Site ""]
[Date "2020.12.28"]
[Round "7"]
[White "de Veer, Jonathan"]
[Black "Tao, Alexander"]
[Result "0-1"]
[Termination "normal"]
[Board "5.4"]
[WhiteElo "946"]
[BlackElo "1630"]
[WhiteTeam "TSG Oberschöneweide"]
[BlackTeam "SchVgg Blankenese von 1923"]
[PlyCount "44"]
[WhiteFideId "16237625"]
[BlackFideId "34606033"]
[EventRounds "7"]
[EventType "team-swiss"]
[EventDate "2020.12.28"]

1. e4 {[%emt 0:00:06] Blanken1-004 reconnected.} e5 {[%emt 0:00:15]} 2. Nf3 {
[%emt 0:00:05]} Nc6 {[%emt 0:00:03]} 3. Bc4 {[%emt 0:00:02]} Bc5 {[%emt
0:00:06]} 4. c3 {[%emt 0:00:04]} Nf6 {[%emt 0:00:03]} 5. d4 {[%emt 0:00:03]}
exd4 { [%emt 0:00:05]} 6. e5 {[%emt 0:00:17]} d5 {[%emt 0:00:17]} 7. exf6
{[%emt 0:00:36]} dxc4 {[%emt 0:00:03]} 8. cxd4 {[%emt 0:00:03]} Nxd4 {[%emt
0:00:33]} 9. Nxd4 {[%emt 0:00:07]} Qxd4 {[%emt 0:00:17]} 10. O-O {[%emt
0:00:43]} Qxf6 { [%emt 0:00:27]} 11. Qe2+ {[%emt 0:00:13]} Be6 {[%emt 0:00:05]}
12. Nd2 { [%emt 0:00:09]} O-O-O {[%emt 0:00:50]} 13. Nf3 {[%emt 0:00:18]} Bd6
{[%emt 0:00:28]} 14. Bg5 {[%emt 0:00:07]} Qg6 {[%emt 0:00:35]} 15. Bxd8 {[%emt
0:00:10]} Rxd8 {[%emt 0:00:05]} 16. g3 {[%emt 0:00:05]} Qh5 {[%emt 0:00:31]}
17. Qe3 { [%emt 0:00:50]} Bc5 {[%emt 0:00:24]} 18. Qc3 {[%emt 0:00:20]} Rd3
{[%emt 0:00:06]} 19. Qxg7 {[%emt 0:01:17]} Qxf3 {[%emt 0:00:19]} 20. Qg8+
{[%emt 0:01:18]} Rd8 {[%emt 0:00:04]} 21. Qg5 {[%emt 0:00:23]} Bh3 {[%emt
0:00:20]} 22. Qxc5 { [%emt 0:00:42]} Qg2# {[%emt 0:00:04]} 0-1

[Event "DSJ Weihnachtsturnier U16: Steinitz 2020"]
[Site ""]
[Date "2020.12.28"]
[Round "7"]
[White "Ehrig, Leon Chris"]
[Black "Klahold, Rona"]
[Result "1-0"]
[Termination "normal"]
[Board "6.2"]
[WhiteElo "1685"]
[BlackElo "1547"]
[WhiteTeam "USG Chemnitz"]
[BlackTeam "SK Blauer Springer Paderborn 1926"]
[PlyCount "159"]
[WhiteFideId "16244796"]
[BlackFideId "16222970"]
[EventRounds "7"]
[EventType "team-swiss"]
[EventDate "2020.12.28"]

1. e4 {[%emt 0:00:05]} e5 {[%emt 0:00:04]} 2. Nf3 {[%emt 0:00:05]} Nc6 { [%emt
0:00:09]} 3. Bc4 {[%emt 0:01:13]} Bc5 {[%emt 0:00:04]} 4. b4 {[%emt 0:00:03]}
Bxb4 {[%emt 0:00:04]} 5. c3 {[%emt 0:00:12]} Ba5 {[%emt 0:00:02]} 6. d4 { [%emt
0:00:10]} d6 {[%emt 0:00:05]} 7. O-O {[%emt 0:00:13]} Nf6 {[%emt 0:00:04] } 8.
d5 {[%emt 0:00:05]} Ne7 {[%emt 0:00:23]} 9. Bd3 {[%emt 0:00:04]} O-O { [%emt
0:00:06]} 10. h3 {[%emt 0:00:15]} Ng6 {[%emt 0:00:09]} 11. Bg5 {[%emt 0:00:06]}
Bd7 {[%emt 0:00:11]} 12. Nh2 {[%emt 0:00:16]} h6 {[%emt 0:00:08]} 13. Be3
{[%emt 0:00:06]} Bb6 {[%emt 0:00:19]} 14. Nd2 {[%emt 0:00:10]} Bxe3 { [%emt
0:00:09]} 15. fxe3 {[%emt 0:00:00]} c6 {[%emt 0:00:13]} 16. c4 {[%emt 0:00:05]}
Qb6 {[%emt 0:00:10]} 17. Qe2 {[%emt 0:00:11]} Nh7 {[%emt 0:00:40]} 18. Rab1
{[%emt 0:00:21]} Qc7 {[%emt 0:00:24]} 19. Rf2 {[%emt 0:00:35]} Ne7 { [%emt
0:00:22]} 20. Ra1 {[%emt 0:00:08]} f5 {[%emt 0:00:13]} 21. Raf1 {[%emt
0:00:08]} f4 {[%emt 0:01:06]} 22. exf4 {[%emt 0:00:05]} Qb6 {[%emt 0:00:03]}
23. f5 {[%emt 0:00:05]} Ng5 {[%emt 0:00:20]} 24. h4 {[%emt 0:00:14]} Nh7 {[%emt
0:00:12]} 25. g4 {[%emt 0:00:08]} g5 {[%emt 0:00:43]} 26. Nhf3 {[%emt 0:00:35]}
gxh4 {[%emt 0:00:13]} 27. Kh1 {[%emt 0:00:02]} Ng5 {[%emt 0:00:08]} 28. Nxg5 {
[%emt 0:00:09]} hxg5 {[%emt 0:00:04]} 29. Nf3 {[%emt 0:00:02]} Rf6 {[%emt
0:00:31]} 30. Nxg5 {[%emt 0:00:12]} Kg7 {[%emt 0:00:02]} 31. Rh2 {[%emt
0:00:10]} Rh8 {[%emt 0:00:06]} 32. Nf3 {[%emt 0:00:03]} Rfh6 {[%emt 0:00:07]}
33. g5 { [%emt 0:00:03]} Rh5 {[%emt 0:00:13]} 34. f6+ {[%emt 0:00:25]} Kf7
{[%emt 0:00:07]} 35. fxe7 {[%emt 0:00:03]} Kxe7 {[%emt 0:00:02]} 36. Qf2 {[%emt
0:00:09]} Qxf2 {[%emt 0:00:04]} 37. Rfxf2 {[%emt 0:00:00]} Bg4 {[%emt 0:00:09]}
38. Kg2 { [%emt 0:00:11]} Bxf3+ {[%emt 0:00:07]} 39. Rxf3 {[%emt 0:00:10]}
Rxg5+ { [%emt 0:00:02]} 40. Kf2 {[%emt 0:00:02]} Rg4 {[%emt 0:00:08]} 41. Ke3
{[%emt 0:00:05]} cxd5 {[%emt 0:00:17]} 42. cxd5 {[%emt 0:00:00]} Kd7 {[%emt
0:00:11]} 43. Bb5+ {[%emt 0:00:16]} Kc7 {[%emt 0:00:04]} 44. Bd3 {[%emt
0:00:11]} Kb6 { [%emt 0:00:29]} 45. Be2 {[%emt 0:00:15]} Rhg8 {[%emt 0:00:06]}
46. Rhh3 { [%emt 0:00:08]} Kc5 {[%emt 0:00:21]} 47. Bd3 {[%emt 0:00:18]} a6
{[%emt 0:00:31]} 48. Rf7 {[%emt 0:00:46]} b5 {[%emt 0:00:05]} 49. Rc7+ {[%emt
0:00:24]} Kb4 {[%emt 0:00:07]} 50. Kd2 {[%emt 0:01:01]} Rg2+ {[%emt 0:00:08]}
51. Be2 { [%emt 0:00:06]} R8g4 {[%emt 0:00:06]} 52. Re3 {[%emt 0:00:07]} R4g3
{[%emt 0:00:12]} 53. a3+ {[%emt 0:00:05]} Ka4 {[%emt 0:00:14]} 54. Rc6 {[%emt
0:00:04]} Rxe3 {[%emt 0:00:03]} 55. Rxa6+ {[%emt 0:00:09]} Kb3 {[%emt 0:00:02]}
56. Kxe3 {[%emt 0:00:02]} h3 {[%emt 0:00:04]} 57. Rxd6 {[%emt 0:00:05]} h2
{[%emt 0:00:04]} 58. Rh6 {[%emt 0:00:04]} Kxa3 {[%emt 0:00:02]} 59. Bxb5 {[%emt
0:00:04]} Kb4 {[%emt 0:00:02]} 60. Be2 {[%emt 0:00:06]} Kc5 {[%emt 0:00:03]}
61. Kf3 { [%emt 0:00:10]} Rg1 {[%emt 0:00:06]} 62. Rxh2 {[%emt 0:00:04]} Rg8
{[%emt 0:00:03]} 63. Rh1 {[%emt 0:00:05]} Rf8+ {[%emt 0:00:02]} 64. Ke3 {[%emt
0:00:04]} Ra8 {[%emt 0:00:03]} 65. Rc1+ {[%emt 0:00:02]} Kd6 {[%emt 0:00:03]}
66. Rc3 { [%emt 0:00:01]} Rh8 {[%emt 0:00:03]} 67. Kd3 {[%emt 0:00:02]} Rh3+
{[%emt 0:00:02]} 68. Kc4 {[%emt 0:00:02]} Rh2 {[%emt 0:00:03]} 69. Bd3 {[%emt
0:00:01]} Rh8 {[%emt 0:00:02]} 70. Rb3 {[%emt 0:00:01]} Rc8+ {[%emt 0:00:01]}
71. Kb4 { [%emt 0:00:01]} Rb8+ {[%emt 0:00:02]} 72. Bb5 {[%emt 0:00:01]} Rh8
{[%emt 0:00:03]} 73. Rc3 {[%emt 0:00:01]} Rh4 {[%emt 0:00:02]} 74. Rc6+ {[%emt
0:00:02]} Ke7 {[%emt 0:00:01]} 75. Re6+ {[%emt 0:00:01]} Kd8 {[%emt 0:00:03]}
76. Rxe5 { [%emt 0:00:01]} Kc7 {[%emt 0:00:02]} 77. Kc5 {[%emt 0:00:01]} Rh1
{[%emt 0:00:02]} 78. Re7+ {[%emt 0:00:01]} Kd8 {[%emt 0:00:03]} 79. Kd6 {[%emt
0:00:01]} Rb1 {[%emt 0:00:05]} 80. Re8# {[%emt 0:00:01]} 1-0

[Event "DSJ Weihnachtsturnier U16: Steinitz 2020"]
[Site ""]
[Date "2020.12.28"]
[Round "7"]
[White "Dickel, Karl-Joachim"]
[Black "Klerx, Philipp"]
[Result "1-0"]
[Termination "time forfeit"]
[Board "6.4"]
[WhiteElo "1244"]
[BlackElo "1253"]
[WhiteTeam "USG Chemnitz"]
[BlackTeam "SK Blauer Springer Paderborn 1926"]
[PlyCount "89"]
[WhiteFideId "34630120"]
[BlackFideId "34640274"]
[EventRounds "7"]
[EventType "team-swiss"]
[EventDate "2020.12.28"]

1. e4 {[%emt 0:00:03]} e5 {[%emt 0:00:01]} 2. Nf3 {[%emt 0:00:01]} Nc6 { [%emt
0:00:01]} 3. Bc4 {[%emt 0:00:01]} Bc5 {[%emt 0:00:01]} 4. c3 {[%emt 0:00:01]}
Nf6 {[%emt 0:00:01]} 5. d4 {[%emt 0:00:01]} exd4 {[%emt 0:00:03]} 6. cxd4
{[%emt 0:00:01]} Bb4+ {[%emt 0:00:02]} 7. Bd2 {[%emt 0:00:01]} Bxd2+ {[%emt
0:00:03]} 8. Nbxd2 {[%emt 0:00:01] Paderb2-004 reconnected.} Qe7 {[%emt
0:00:44]} 9. Qc2 {[%emt 0:00:16]} d6 {[%emt 0:00:05]} 10. Bb5 {[%emt 0:00:04]}
O-O { [%emt 0:00:05] Paderb2-004 reconnected.} 11. O-O {[%emt 0:00:02]
Paderb2-004 reconnected.} a6 {[%emt 0:00:21]} 12. Bxc6 {[%emt 0:00:03]} bxc6
{[%emt 0:00:02]} 13. Rfe1 {[%emt 0:00:02]} c5 {[%emt 0:00:04]} 14. e5 {[%emt
0:00:15]} dxe5 {[%emt 0:00:05]} 15. Nxe5 {[%emt 0:00:16]} cxd4 {[%emt 0:00:08]}
16. Ng6 { [%emt 0:00:02]} Qc5 {[%emt 0:00:15]} 17. Nxf8 {[%emt 0:00:03]} Qxf8
{[%emt 0:00:02]} 18. h3 {[%emt 0:00:21]} Bb7 {[%emt 0:00:05]} 19. Qxc7 {[%emt
0:00:13]} Rb8 {[%emt 0:00:03]} 20. Qe5 {[%emt 0:00:22]} Nd7 {[%emt 0:00:05]}
21. Qe7 { [%emt 0:00:04]} Qxe7 {[%emt 0:00:07]} 22. Rxe7 {[%emt 0:00:02]} Nc5
{[%emt 0:00:01]} 23. Rc7 {[%emt 0:00:15]} Ne6 {[%emt 0:00:04]} 24. Rc2 {[%emt
0:00:22]} Nf4 {[%emt 0:00:03]} 25. Nf3 {[%emt 0:00:14] Paderb2-004
reconnected.} Bxf3 { [%emt 0:04:23]} 26. gxf3 {[%emt 0:00:17]} Nxh3+ {[%emt
0:00:02]} 27. Kg2 { [%emt 0:00:11]} Nf4+ {[%emt 0:00:08]} 28. Kh1 {[%emt
0:00:12]} Re8 {[%emt 0:00:06]} 29. Rac1 {[%emt 0:00:11]} h6 {[%emt 0:00:13]}
30. Rd2 {[%emt 0:00:15]} d3 {[%emt 0:00:11]} 31. b4 {[%emt 0:00:43]} f6 {[%emt
0:00:12]} 32. a4 {[%emt 0:00:02]} Nh3 {[%emt 0:00:09]} 33. Kh2 {[%emt 0:00:21]}
Nf4 {[%emt 0:00:06]} 34. b5 {[%emt 0:00:05]} axb5 {[%emt 0:00:04]} 35. axb5
{[%emt 0:00:01]} Rb8 { [%emt 0:00:02]} 36. Rb1 {[%emt 0:00:08]} g5 {[%emt
0:00:09] Paderb2-004 reconnected.} 37. Ra2 {[%emt 0:00:20]} Ne2 {[%emt
0:00:06]} 38. Rbb2 {[%emt 0:00:43]} Nc3 {[%emt 0:00:09]} 39. Ra3 {[%emt
0:00:05]} Nxb5 {[%emt 0:00:06]} 40. Rxd3 {[%emt 0:00:08] Paderb2-004 No Move}
Kg7 {[%emt 0:01:03]} 41. Rdb3 { [%emt 0:00:02]} Nd4 {[%emt 0:00:11]} 42. Rxb8
{[%emt 0:00:04]} Nxf3+ {[%emt 0:00:01]} 43. Kg3 {[%emt 0:00:03]} Ne1 {[%emt
0:00:02]} 44. Rd2 {[%emt 0:00:22] Paderb2-004 No Move} Kg6 {[%emt 0:01:11]} 45.
Rd6 {[%emt 0:00:01] Paderb2-004 reconnected. TimeB} 1-0

[Event "DSJ Weihnachtsturnier U16: Steinitz 2020"]
[Site ""]
[Date "2020.12.28"]
[Round "7"]
[White "Eilenberg, Jonas"]
[Black "Burns, Mikala Tristan"]
[Result "1-0"]
[Termination "normal"]
[Board "7.1"]
[WhiteElo "2155"]
[BlackElo "1574"]
[WhiteTeam "SV Königsjäger Süd-West"]
[BlackTeam "SG Grün-Weiß Dresden"]
[PlyCount "63"]
[WhiteFideId "16204271"]
[BlackFideId "16288459"]
[EventRounds "7"]
[EventType "team-swiss"]
[EventDate "2020.12.28"]

1. d4 {[%emt 0:00:06] Dresden1-001 reconnected.} Nf6 {[%emt 0:02:35]} 2. c4 {
[%emt 0:00:10]} g6 {[%emt 0:00:02]} 3. Nc3 {[%emt 0:00:10]} Bg7 {[%emt 0:00:01]
} 4. e4 {[%emt 0:00:02]} d6 {[%emt 0:00:01]} 5. Be2 {[%emt 0:00:03]} O-O {
[%emt 0:00:01]} 6. Be3 {[%emt 0:00:18]} e5 {[%emt 0:00:04]} 7. d5 {[%emt
0:00:04]} Na6 {[%emt 0:00:03]} 8. g4 {[%emt 0:00:02]} Nc5 {[%emt 0:00:02]} 9.
f3 { [%emt 0:00:02]} Bd7 {[%emt 0:00:11]} 10. h4 {[%emt 0:00:05]} a6 {[%emt
0:00:03] } 11. a4 {[%emt 0:00:12]} Ne8 {[%emt 0:00:08]} 12. b4 {[%emt 0:00:03]}
b5 { [%emt 0:00:27]} 13. bxc5 {[%emt 0:00:03]} bxc4 {[%emt 0:00:10]} 14. Bxc4 {
[%emt 0:00:02]} dxc5 {[%emt 0:00:02]} 15. Bxc5 {[%emt 0:00:00]} Nd6 {[%emt
0:00:03]} 16. Be2 {[%emt 0:00:04]} Re8 {[%emt 0:00:07]} 17. h5 {[%emt 0:00:01]}
Qf6 {[%emt 0:00:11]} 18. hxg6 {[%emt 0:00:05]} fxg6 {[%emt 0:00:02]} 19. Be3 {
[%emt 0:00:07]} Qe7 {[%emt 0:00:10]} 20. Qd2 {[%emt 0:00:07]} Nb7 {[%emt
0:00:08]} 21. Bh6 {[%emt 0:00:03]} Bh8 {[%emt 0:00:02]} 22. Bg5 {[%emt
0:00:03]} Qd6 {[%emt 0:00:28]} 23. Be3 {[%emt 0:00:23]} Nd8 {[%emt 0:00:03]}
24. Nh3 { [%emt 0:00:02]} Nf7 {[%emt 0:00:01]} 25. Ng5 {[%emt 0:00:13]} Qf6
{[%emt 0:00:17]} 26. Nxh7 {[%emt 0:00:05]} Qg7 {[%emt 0:00:09]} 27. Ng5 {[%emt
0:00:08]} Nxg5 {[%emt 0:00:05]} 28. Bxg5 {[%emt 0:00:00]} Rab8 {[%emt 0:00:49]}
29. Bc4 { [%emt 0:00:09]} Qf7 {[%emt 0:00:53]} 30. Qh2 {[%emt 0:00:08]} Bg7
{[%emt 0:00:13]} 31. Qh7+ {[%emt 0:00:30]} Kf8 {[%emt 0:00:02]} 32. Bh6 {[%emt
0:00:06]} 1-0